[Event "Open La Lupa"]
[Site "Roma ITA"]
[Date "2010.05.20"]
[Round "3"]
[White "Cannavo', Giuseppe"]
[Black "Crucioli, Marco"]
[Result "0-1"]
[WhiteElo "1386"]
[BlackElo "1646"]
[PlyCount "68"]
[EventDate "2010.05.06"]

1. g3 e5 2. Bg2 d6 3. Nc3 c6 4. e4 Ne7 5. d3 Ng6 6. Nf3 Be7 7. O-O O-O 8. Re1
f5 9. Ne2 Na6 10. a3 fxe4 11. dxe4 Bg4 12. Nd2 Nc5 13. f3 Be6 14. Kh1 Qd7 15.
b4 Na6 16. c3 Nc7 17. Bb2 a5 18. Qc2 a4 19. Rf1 Bh3 20. Qd3 Bxg2+ 21. Kxg2 b5
22. c4 h5 23. Rg1 Ne6 24. Kf2 Ng5 25. Ke1 Qh3 26. Nf1 Nxf3+ 27. Kd1 Nxg1 28.
Ne3 Qxh2 29. Kc2 Nxe2 30. Kb1 Rf3 31. Qd2 Bg5 32. Qxd6 Bxe3 33. Qxg6 Raf8 34.
Ka2 Nc3# 0-1

[Event "Open La Lupa"]
[Site "Roma ITA"]
[Date "2010.05.20"]
[Round "3"]
[White "Carconi, Massimo"]
[Black "Dorascenzi, Angelo"]
[Result "1-0"]
[WhiteElo "1725"]
[BlackElo "1428"]
[PlyCount "33"]
[EventDate "2010.05.06"]

1. e4 e5 2. Nf3 Nc6 3. Bb5 d6 4. h3 Bd7 5. c3 Nf6 6. O-O Nxe4 7. d4 Nf6 8. Re1
Be7 9. Bxc6 Bxc6 10. dxe5 Bxf3 11. Qxf3 dxe5 12. Qxb7 O-O 13. Nd2 Bd6 14. Nc4
Re8 15. Bg5 Re6 16. Rad1 Qd7 17. Qxa8+ 1-0

[Event "Open La Lupa"]
[Site "Roma ITA"]
[Date "2010.05.20"]
[Round "3"]
[White "Casella, Carlo"]
[Black "Brescia, Francesco"]
[Result "0-1"]
[WhiteElo "1679"]
[BlackElo "1458"]
[PlyCount "67"]
[EventDate "2010.05.06"]

1. e4 c5 2. Nf3 d6 3. d4 cxd4 4. Nxd4 Nf6 5. Nc3 a6 6. Be2 e6 7. O-O Be7 8. f4
O-O 9. Kh1 Qc7 10. a3 Nc6 11. Nb3 b5 12. Bf3 Bb7 13. Be3 Nd7 14. Qd2 Nb6 15.
Be2 Rac8 16. f5 Ne5 17. Bxb6 Qxb6 18. Rad1 Nc4 19. Bxc4 Rxc4 20. fxe6 fxe6 21.
Rxf8+ Bxf8 22. Rf1 Bxe4 23. Nxe4 Rxe4 24. c3 d5 25. Nd4 Bc5 26. Qf2 h6 27. Qf7+
Kh8 28. Nf3 Qd8 29. Qb7 Bb6 30. Qf7 Be3 31. g3 d4 32. Nh4 Rg4 33. Ng6+ Rxg6 34.
Qxg6 0-1

[Event "Open La Lupa"]
[Site "Roma ITA"]
[Date "2010.05.20"]
[Round "3"]
[White "Catalini, Giampiero"]
[Black "Zarfati, Daniele"]
[Result "0-1"]
[WhiteElo "1958"]
[BlackElo "1568"]
[PlyCount "99"]
[EventDate "2010.05.06"]

1. d4 Nf6 2. Nf3 g6 3. Bf4 d6 4. e3 Bg7 5. Be2 Bf5 6. O-O O-O 7. c4 Nbd7 8. Nc3
c5 9. d5 Qb6 10. Qb3 Ne4 11. Rfc1 a5 12. h3 Nxc3 13. bxc3 a4 14. Qxb6 Nxb6 15.
g4 Bd7 16. Rab1 Ra6 17. e4 Rfa8 18. e5 dxe5 19. Nxe5 Bxe5 20. Bxe5 f5 21. Bc7
Nc8 22. Rxb7 fxg4 23. Bxg4 Bxg4 24. hxg4 Nd6 25. Bxd6 exd6 26. Re1 R6a7 27.
Ree7 Rxb7 28. Rxb7 a3 29. Rb3 Kg7 30. Kg2 Ra4 31. f3 Kf6 32. Kg3 Ke5 33. Rb7
Rxc4 34. Rxh7 Rxc3 35. Ra7 Kxd5 36. Kf4 c4 37. Ra6 Rd3 38. Ra5+ Kd4 39. Ra4 Kc3
40. Rxa3+ Kb4 41. Ra7 d5 42. Ke5 c3 43. Re7 Ka3 44. f4 Kxa2 45. f5 gxf5 46.
gxf5 Kb2 47. Rb7+ Kc1 48. f6 Rf3 49. Kd4 c2 50. Kxd5 0-1

[Event "Open La Lupa"]
[Site "Roma ITA"]
[Date "2010.05.20"]
[Round "3"]
[White "Lami, Damiano"]
[Black "Vannelli, Vittorio"]
[Result "1-0"]
[WhiteElo "1494"]
[BlackElo "1810"]
[PlyCount "51"]
[EventDate "2010.05.06"]

1. e4 c5 2. Nf3 d6 3. d4 cxd4 4. Nxd4 Nc6 5. Nc3 Nf6 6. Bg5 e6 7. f4 a6 8. Qd2
Bd7 9. Be2 h6 10. Bh4 Nxe4 11. Bxd8 Nxd2 12. Bb6 Nxd4 13. Bxd4 e5 14. fxe5 Bc6
15. Kxd2 O-O-O 16. Ke1 dxe5 17. Bb6 Re8 18. Rf1 f6 19. Bg4+ Kb8 20. Rf2 h5 21.
Bf5 Rh6 22. Rd2 g6 23. Rad1 Be7 24. Bd7 Bxd7 25. Rxd7 Rhh8 26. Nd5 1-0

[Event "Open La Lupa"]
[Site "Roma ITA"]
[Date "2010.05.20"]
[Round "3"]
[White "Marta, Daniele"]
[Black "Pedrinzani, Ivano"]
[Result "1-0"]
[WhiteElo "2055"]
[BlackElo "1896"]
[PlyCount "71"]
[EventDate "2010.05.06"]

1. d4 d5 2. Nf3 e6 3. Nbd2 f5 4. Ne5 Nf6 5. Ndf3 Nbd7 6. e3 Bd6 7. c4 c6 8. Bd3
Ne4 9. O-O O-O 10. Qb3 Nxe5 11. Nxe5 Qf6 12. f3 Ng5 13. Bd2 Nf7 14. Nxf7 Rxf7
15. Bc3 Qh6 16. f4 g5 17. Bb4 Bc7 18. Bd2 Rg7 19. Rf2 g4 20. g3 Qf6 21. Rc1 h5
22. Bc3 h4 23. cxd5 exd5 24. e4 fxe4 25. Bxe4 Be6 26. Bd3 Bb6 27. Re1 Bf5 28.
Qc2 hxg3 29. hxg3 Bxd3 30. Qxd3 Re7 31. Rxe7 Qxe7 32. Qg6+ Qg7 33. Qe6+ Kf8 34.
Bb4+ c5 35. dxc5 Bd8 36. Qf5+ 1-0

[Event "Open La Lupa"]
[Site "Roma ITA"]
[Date "2010.05.20"]
[Round "3"]
[White "Maurizio, Antonio"]
[Black "Di Dario, Dario"]
[Result "1-0"]
[WhiteElo "1866"]
[BlackElo "1773"]
[PlyCount "119"]
[EventDate "2010.05.06"]

1. Nf3 f5 2. d4 Nf6 3. c4 e6 4. g3 b6 5. Bg2 Bb7 6. O-O Be7 7. b3 O-O 8. Bb2
Qe8 9. Nbd2 Bb4 10. a3 Bxd2 11. Qxd2 Qh5 12. d5 Ne4 13. Qd4 Rf6 14. dxe6 Nc5
15. exd7 Nbxd7 16. Rad1 Re8 17. Rfe1 Re7 18. Qh4 Qxh4 19. Nxh4 Rff7 20. Bxb7
Nxb7 21. Nf3 c5 22. e3 Na5 23. Rd3 Nc6 24. Red1 h6 25. Rd6 Na5 26. Nh4 Nf8 27.
R1d5 Nb7 28. Rc6 Rd7 29. Rxf5 Nd6 30. Rd5 Ne4 31. f3 Nd2 32. e4 Nxb3 33. f4 Nd4
34. Bxd4 cxd4 35. Rcd6 Rxd6 36. Rxd6 Rd7 37. Rxd7 Nxd7 38. Nf3 d3 39. Kf2 Kf7
40. Ne5+ Nxe5 41. fxe5 Ke6 42. Ke3 d2 43. Kxd2 Kxe5 44. Ke3 g5 45. Kd3 g4 46.
Ke3 a5 47. Kd3 h5 48. Ke3 a4 49. Kd3 Kd6 50. Kd4 Ke6 51. e5 Kd7 52. Kd5 Ke7 53.
e6 Ke8 54. Kc6 Ke7 55. Kxb6 Kxe6 56. c5 Kd7 57. Kb7 h4 58. gxh4 g3 59. hxg3 Ke6
60. c6 1-0

[Event "Open La Lupa"]
[Site "Roma ITA"]
[Date "2010.05.20"]
[Round "3"]
[White "Napoli, Alessandro"]
[Black "Macri', Giuseppe"]
[Result "1-0"]
[WhiteElo "1431"]
[BlackElo "1260"]
[PlyCount "95"]
[EventDate "2010.05.06"]

1. e4 c5 2. Nf3 Nf6 3. Nc3 b6 4. Bc4 Bb7 5. e5 Ne4 6. Nxe4 Bxe4 7. Bxf7+ Kxf7
8. Ng5+ Kg8 9. Nxe4 Nc6 10. f4 Nd4 11. c3 Nf5 12. Qb3+ e6 13. O-O Qc7 14. Ng3
c4 15. Qd1 Qc6 16. Nxf5 exf5 17. d4 cxd3 18. Qxd3 Bc5+ 19. Be3 h5 20. Bd4 h4
21. Qxf5 Bxd4+ 22. cxd4 h3 23. Qg4 Qd5 24. f5 Qxg2+ 25. Qxg2 hxg2 26. Kxg2 Rh5
27. Rf4 Rf8 28. Raf1 Rg5+ 29. Kh3 Kf7 30. f6 Rh8+ 31. Rh4 Rc8 32. Rh7 Kg8 33.
Rxg7+ Rxg7 34. fxg7 Kxg7 35. Rf2 Rh8+ 36. Kg4 Rh6 37. Kf4 Rh4+ 38. Ke3 Rh3+ 39.
Ke4 Rh4+ 40. Kd5 Rh6 41. Rc2 Kf7 42. Rc7 Ke7 43. Rxa7 Rxh2 44. b3 Rc2 45. e6
Rc8 46. Rxd7+ Ke8 47. Rh7 Kd8 48. Ke5 1-0

[Event "Open La Lupa"]
[Site "Roma ITA"]
[Date "2010.05.20"]
[Round "3"]
[White "Pardo, Paolo"]
[Black "Musmarra, Giovanni"]
[Result "1-0"]
[WhiteElo "1706"]
[BlackElo "1638"]
[PlyCount "49"]
[EventDate "2010.05.06"]

1. e4 e5 2. d4 exd4 3. Qxd4 Nf6 4. Qe3 Nc6 5. Nc3 Bb4 6. Bd2 Qe7 7. O-O-O Bxc3
8. Bxc3 Nxe4 9. Re1 Nxc3 10. Qxc3 d5 11. Rxe7+ Kxe7 12. Bb5 Rd8 13. Nf3 Kf8 14.
Re1 Be6 15. Ng5 Bf5 16. Bxc6 bxc6 17. h4 h6 18. Nf3 Rab8 19. Nd4 Bd7 20. Qc5+
Kg8 21. Re7 Rb6 22. Qc3 Be8 23. Qg3 g6 24. Qe5 Kf8 25. Ne6+ 1-0

[Event "Open La Lupa"]
[Site "Roma ITA"]
[Date "2010.05.20"]
[Round "3"]
[White "Prudenzano, Ruggero"]
[Black "Marelli, Emanuele"]
[Result "1-0"]
[WhiteElo "1930"]
[BlackElo "1485"]
[PlyCount "59"]
[EventDate "2010.05.06"]

1. Nf3 Nf6 2. c4 e6 3. Nc3 Bb4 4. Qc2 O-O 5. a3 Be7 6. e3 b6 7. b3 Bb7 8. Bb2
d6 9. Be2 Nbd7 10. h4 h6 11. O-O-O a5 12. Rdg1 e5 13. g4 Nh7 14. g5 h5 15. Ne4
g6 16. d4 Bxe4 17. Qxe4 Re8 18. dxe5 Bf8 19. Qd5 dxe5 20. Rd1 Bd6 21. Nd2 Qe7
22. Ne4 Rad8 23. Bxh5 Bxa3 24. Bxg6 Bxb2+ 25. Kxb2 Nc5 26. Bxh7+ Kg7 27. Qc6
Nd3+ 28. Rxd3 Rxd3 29. Qh6+ Kh8 30. Bg6+ 1-0

[Event "Open La Lupa"]
[Site "Roma ITA"]
[Date "2010.05.27"]
[Round "4"]
[White "Bolla, Vittorio"]
[Black "Bogosaljevic, Miodrag"]
[Result "1/2-1/2"]
[WhiteElo "1773"]
[BlackElo "1898"]
[PlyCount "97"]
[EventDate "2010.05.06"]

1. e4 c5 2. Nf3 a6 3. c3 d6 4. Bc4 Nf6 5. d3 g6 6. O-O Bg7 7. Re1 Nc6 8. a3 O-O
9. Bf4 Nh5 10. Be3 Bg4 11. h3 Bxf3 12. Qxf3 Ne5 13. Qe2 Nxc4 14. dxc4 Qc7 15.
Nd2 Nf6 16. Bf4 Qc6 17. Nf3 Nd7 18. e5 dxe5 19. Nxe5 Nxe5 20. Bxe5 f6 21. Bg3
e5 22. Rad1 Rad8 23. Rxd8 Rxd8 24. Rd1 Rxd1+ 25. Qxd1 Qe6 26. Qd5 Qxd5 27. cxd5
c4 28. f4 e4 29. Bf2 f5 30. Bc5 Kf7 31. Kf2 h5 32. h4 Bf6 33. g3 Be7 34. Bd4
Bd6 35. Ke3 Ke7 36. Bb6 Kd7 37. Kd4 Bc7 38. Bxc7 Kxc7 39. Kxc4 Kd6 40. Kd4 b5
41. b3 Kd7 42. c4 Kd6 43. cxb5 axb5 44. a4 Kc7 45. axb5 Kb7 46. d6 Kb6 47. b4
Kb7 48. Kc4 Kb6 49. Kd4 1/2-1/2

[Event "Open La Lupa"]
[Site "Roma ITA"]
[Date "2010.05.27"]
[Round "4"]
[White "Castellano, Lorenzo"]
[Black "Lami, Damiano"]
[Result "1-0"]
[WhiteElo "1869"]
[BlackElo "1494"]
[PlyCount "73"]
[EventDate "2010.05.06"]

1. e4 e5 2. Nf3 Nc6 3. d4 exd4 4. Nxd4 Bc5 5. Be3 Qf6 6. c3 d6 7. Be2 Nge7 8.
O-O a6 9. Nxc6 Nxc6 10. Bxc5 dxc5 11. f4 O-O 12. Na3 Rd8 13. Qe1 Ne7 14. Nc4
Ng6 15. Qf2 b5 16. e5 Qe7 17. Bf3 Rb8 18. Na5 Bd7 19. Rad1 Rb6 20. Nb7 Rxb7 21.
Bxb7 c6 22. Qd2 Rb8 23. Qxd7 Rxb7 24. Qxe7 Rxe7 25. Rd8+ Nf8 26. Rfd1 f6 27.
exf6 gxf6 28. Rc8 Kf7 29. Rxc6 Re6 30. Rxc5 Ke8 31. Kf2 Nd7 32. Rc8+ Ke7 33.
Rc7 Rd6 34. Rxd6 Kxd6 35. Ra7 Nc5 36. Ke3 f5 37. Rxh7 1-0

[Event "Open La Lupa"]
[Site "Roma ITA"]
[Date "2010.05.27"]
[Round "4"]
[White "Crucioli, Marco"]
[Black "Catalini, Giampiero"]
[Result "0-1"]
[WhiteElo "1646"]
[BlackElo "1958"]
[PlyCount "80"]
[EventDate "2010.05.06"]

1. e4 c6 2. d3 d5 3. Nd2 e5 4. Ne2 Bc5 5. Nb3 Bb6 6. Ng3 Nf6 7. Bg5 h6 8. Be3
Bxe3 9. fxe3 Qb6 10. exd5 Qxe3+ 11. Qe2 Qxe2+ 12. Bxe2 cxd5 13. O-O O-O 14.
Rae1 Nc6 15. Bd1 Re8 16. Nd2 Bd7 17. Nf3 e4 18. dxe4 Nxe4 19. Nh5 Ng5 20. Nh4
Rxe1 21. Rxe1 Be6 22. Nf4 Rd8 23. Nf3 Ne4 24. c3 a5 25. Nd4 Nxd4 26. cxd4 Rc8
27. Bb3 Rd8 28. Bc2 Rd6 29. Kf1 g5 30. Nh5 f5 31. Ke2 Kf7 32. Ng3 Rb6 33. b3
Rc6 34. Bb1 Rc3 35. Nxe4 dxe4 36. Kd2 Rc7 37. Rf1 Kg6 38. g4 h5 39. gxf5+ Bxf5
40. Bc2 e3+ 0-1

[Event "Open La Lupa"]
[Site "Roma ITA"]
[Date "2010.05.27"]
[Round "4"]
[White "Di Dario, Dario"]
[Black "Casella, Carlo"]
[Result "0-1"]
[WhiteElo "1773"]
[BlackElo "1679"]
[PlyCount "72"]
[EventDate "2010.05.06"]

1. d4 d5 2. Nf3 e6 3. e3 Nf6 4. Bd3 c5 5. b3 Nc6 6. O-O Bd7 7. Bb2 Rc8 8. Ne5
cxd4 9. exd4 Bd6 10. f4 Qb6 11. c3 O-O 12. Ng4 Be7 13. Ne5 Rfd8 14. Nd2 Bf8 15.
Qe2 a5 16. f5 Nxe5 17. Qxe5 Bd6 18. Qe2 e5 19. Kh1 e4 20. Bc2 a4 21. c4 Qc7 22.
h3 Bc6 23. Rac1 axb3 24. Bxb3 Qe7 25. c5 Bb8 26. Qe3 Qc7 27. Rf4 Nh5 28. Rcf1
Nxf4 29. f6 Nd3 30. Qg1 Nxb2 31. fxg7 Qg3 32. Nxe4 dxe4 33. Bxf7+ Kxg7 34. d5
Bxd5 35. Qd4+ Be5 36. Qg1 Bxf7 0-1

[Event "Open La Lupa"]
[Site "Roma ITA"]
[Date "2010.05.27"]
[Round "4"]
[White "Dorascenzi, Angelo"]
[Black "Cannavo', Giuseppe"]
[Result "0-1"]
[WhiteElo "1428"]
[BlackElo "1386"]
[PlyCount "128"]
[EventDate "2010.05.06"]

1. e4 e5 2. Nf3 Nc6 3. d4 d6 4. Bb5 Nge7 5. O-O Bd7 6. d5 Nd4 7. Bxd7+ Qxd7 8.
Nxd4 exd4 9. Qxd4 Ng6 10. Nc3 c5 11. Qa4 Qxa4 12. Nxa4 Be7 13. Nc3 O-O 14. h3
Rad8 15. Re1 Ne5 16. b3 a6 17. Bb2 Bf6 18. Rab1 Rc8 19. Na4 b5 20. Nc3 h6 21.
Ne2 Rfe8 22. Ng3 Red8 23. Nf5 Rc7 24. a3 Kh7 25. Bc1 Ra7 26. Bd2 Rdd7 27. Bc3
g6 28. Bxe5 Bxe5 29. Ne3 f6 30. c4 Rdb7 31. Nc2 a5 32. cxb5 Rxb5 33. b4 a4 34.
bxc5 Rxc5 35. Nb4 Rc3 36. Nc6 Rc7 37. Nxe5 fxe5 38. Re3 Rxe3 39. fxe3 Rc3 40.
Ra1 Rxe3 41. Kf2 Rxe4 42. Kf3 Rd4 43. Rc1 Rxd5 44. Rc7+ Kg8 45. Ke4 Rd2 46. g4
Re2+ 47. Kd5 e4 48. Ke6 Rf2 49. Rc8+ Kg7 50. Rc7+ Kf8 51. Rc8+ Kg7 52. Rc7+ Kh8
53. Kxd6 Rf8 54. Re7 Rf4 55. Ke6 e3 56. Re8+ Kg7 57. Re7+ Kf8 58. Kd6 Rf3 59.
Kd7 Kg8 60. Re8+ Kg7 61. Re7+ Kf6 62. h4 h5 63. Re6+ Kg7 64. Re7+ Rf7 0-1

[Event "Open La Lupa"]
[Site "Roma ITA"]
[Date "2010.05.27"]
[Round "4"]
[White "Marelli, Emanuele"]
[Black "Carconi, Massimo"]
[Result "0-1"]
[WhiteElo "1485"]
[BlackElo "1725"]
[PlyCount "76"]
[EventDate "2010.05.06"]

1. g3 Nf6 2. Bg2 g6 3. Nf3 Bg7 4. d3 c5 5. O-O Nc6 6. Nbd2 O-O 7. e4 d5 8. exd5
Nxd5 9. Ne4 b6 10. c4 Ndb4 11. Ne1 Rb8 12. a3 Na6 13. Nxc5 bxc5 14. Bxc6 Bxb2
15. Bxb2 Rxb2 16. Bb5 Nc7 17. Qc1 Rxb5 18. cxb5 Bh3 19. Qh6 Bxf1 20. Nf3 f6 21.
Rxf1 Qxd3 22. Qe3 Qxe3 23. fxe3 Nxb5 24. a4 Nc3 25. a5 Rb8 26. Nd2 Rb5 27. Ra1
a6 28. Kf2 Rb2 29. Ke1 Rb4 30. Ra3 Nb1 31. Nxb1 Rxb1+ 32. Kf2 Rb2+ 33. Kg1 Rc2
34. Rb3 c4 35. Rb6 c3 36. Rxa6 Rc1+ 37. Kf2 c2 38. Rc6 Rh1 0-1

[Event "Open La Lupa"]
[Site "Roma ITA"]
[Date "2010.05.27"]
[Round "4"]
[White "Musmarra, Giovanni"]
[Black "Napoli, Alessandro"]
[Result "1-0"]
[WhiteElo "1638"]
[BlackElo "1431"]
[PlyCount "88"]
[EventDate "2010.05.06"]

1. e4 b6 2. d4 Bb7 3. Bd3 e6 4. c4 Nc6 5. Nf3 Be7 6. Nc3 d6 7. d5 Nb4 8. Be2
Na6 9. e5 exd5 10. Nxd5 dxe5 11. Nxe7 Qxe7 12. Qa4+ c6 13. Bg5 f6 14. Be3 Qb4+
15. Qxb4 Nxb4 16. O-O Nc2 17. Rad1 Nxe3 18. fxe3 Ne7 19. Rd6 O-O 20. Rd7 Nf5
21. Rxb7 Nxe3 22. Rc1 c5 23. Kf2 Nf5 24. Rd1 Nd4 25. Nxd4 cxd4 26. Bf3 Rac8 27.
Rxa7 f5 28. Bd5+ Kh8 29. Re7 Rfe8 30. Re6 b5 31. Rxe8+ Rxe8 32. cxb5 Rd8 33.
Bc6 e4 34. b6 d3 35. Ke3 g5 36. b7 Kg7 37. a4 Kf6 38. a5 Ke5 39. a6 f4+ 40. Kf2
e3+ 41. Ke1 g4 42. Rxd3 Rxd3 43. b8=Q+ Rd6 44. Ke2 Kf5 1-0

[Event "Open La Lupa"]
[Site "Roma ITA"]
[Date "2010.05.27"]
[Round "4"]
[White "Pedrinzani, Ivano"]
[Black "Pardo, Paolo"]
[Result "1-0"]
[WhiteElo "1896"]
[BlackElo "1706"]
[PlyCount "59"]
[EventDate "2010.05.06"]

1. e4 c5 2. Nc3 Nc6 3. g3 g6 4. Bg2 Bg7 5. f4 d6 6. Nf3 e6 7. d3 Nge7 8. O-O
O-O 9. Ne2 Rb8 10. g4 b5 11. h4 Bd7 12. Ng3 f5 13. g5 Be8 14. c3 b4 15. Bd2
bxc3 16. Bxc3 e5 17. exf5 Nxf5 18. Nxf5 Rxf5 19. fxe5 dxe5 20. Qe2 Qc7 21. Bh3
Rf8 22. b3 Bf7 23. Qe4 Rfe8 24. Nd2 Rbd8 25. Rxf7 Kxf7 26. Qc4+ Rd5 27. Qxd5+
Ke7 28. Rf1 Nd8 29. Ba5 Qxa5 30. Qd7# 1-0

[Event "Open La Lupa"]
[Site "Roma ITA"]
[Date "2010.05.27"]
[Round "4"]
[White "Quimi, Marco"]
[Black "Marta, Daniele"]
[Result "1/2-1/2"]
[WhiteElo "2163"]
[BlackElo "2055"]
[PlyCount "143"]
[EventDate "2010.05.06"]

1. e4 e6 2. d4 d5 3. Nc3 Bb4 4. e5 b6 5. f4 Ne7 6. Nf3 c6 7. Be3 Qd7 8. Bd3 Ba6
9. Bxa6 Nxa6 10. Qd3 Nc7 11. O-O Nf5 12. Bf2 h5 13. Ne2 Be7 14. Rac1 g6 15. g3
c5 16. b3 O-O 17. c3 Qb5 18. Qxb5 Nxb5 19. a4 Nc7 20. h3 Nh6 21. Kg2 Na6 22.
Rfd1 Rfc8 23. Ra1 Rc7 24. c4 dxc4 25. bxc4 cxd4 26. Nexd4 Rxc4 27. Rdc1 Rac8
28. Rxc4 Rxc4 29. Nd2 Rc7 30. Ne4 Kg7 31. a5 Nc5 32. Nb5 Rd7 33. axb6 axb6 34.
Ned6 Bxd6 35. Nxd6 Nf5 36. Ne8+ Kf8 37. Ra8 Ke7 38. Nf6 Rd8 39. Ra7+ Kf8 40. g4
hxg4 41. hxg4 Ne7 42. Bh4 Nc6 43. Rc7 Rd2+ 44. Kf1 Nd8 45. Rc8 Ncb7 46. Ne4 Rd7
47. Ke2 Kg7 48. Bf6+ Kf8 49. Rb8 Ke8 50. Bxd8 Nxd8 51. Nf6+ Ke7 52. Nxd7 Kxd7
53. Rxb6 Nc6 54. Rb7+ Ke8 55. Ke3 g5 56. Ke4 gxf4 57. Kxf4 Kf8 58. Rb6 Ne7 59.
Kg5 Kg7 60. Rb1 Ng6 61. Re1 Nxe5 62. Ra1 Ng6 63. Ra5 Ne7 64. Kf4 Ng6+ 65. Ke4
f5+ 66. gxf5 exf5+ 67. Kxf5 Ne7+ 68. Ke6 Ng6 69. Rg5 Kh6 70. Kf6 Nf4 71. Rf5
Nh5+ 72. Kf7 1/2-1/2

[Event "Open La Lupa"]
[Site "Roma ITA"]
[Date "2010.05.27"]
[Round "4"]
[White "Romano, Marco Motraz"]
[Black "Prudenzano, Ruggero"]
[Result "1-0"]
[WhiteElo "1615"]
[BlackElo "1930"]
[PlyCount "65"]
[EventDate "2010.05.06"]

1. e4 c5 2. Nf3 Nf6 3. e5 Nd5 4. c4 Nc7 5. Nc3 e6 6. Be2 Nc6 7. O-O d5 8. cxd5
exd5 9. d4 cxd4 10. Nb5 Nxb5 11. Bxb5 Qb6 12. Nxd4 Bc5 13. Bxc6+ bxc6 14. Nb3
Be7 15. Be3 Qc7 16. f4 O-O 17. Qf3 Bf5 18. Rac1 Be4 19. Qg3 f5 20. Nd4 Rf7 21.
Rxc6 Qb7 22. Rfc1 Qxb2 23. Ne6 g6 24. h4 Bxh4 25. Qh3 Qe2 26. Bd4 Re8 27. Rc8
Rfe7 28. Ng5 Bxg5 29. fxg5 Qxa2 30. e6 Qa6 31. Rxe8+ Rxe8 32. Rc7 h5 33. gxh6
1-0

[Event "Open La Lupa"]
[Site "Roma ITA"]
[Date "2010.05.27"]
[Round "4"]
[White "Vannelli, Vittorio"]
[Black "Battistelli, Alessandro"]
[Result "1/2-1/2"]
[WhiteElo "1810"]
[BlackElo "1886"]
[PlyCount "68"]
[EventDate "2010.05.06"]

1. e4 e6 2. Nc3 d5 3. f4 c5 4. Nf3 Nc6 5. Bb5 Nge7 6. exd5 exd5 7. O-O a6 8.
Bxc6+ Nxc6 9. Ne5 Nxe5 10. fxe5 Be6 11. d3 Be7 12. Qf3 O-O 13. Bd2 Qd7 14. Qg3
Kh8 15. Ne2 f6 16. exf6 Bxf6 17. d4 Qb5 18. Rae1 cxd4 19. Nf4 Bf7 20. Ne6 Bxe6
21. Rxe6 Rae8 22. Qd6 Rd8 23. Qb6 Qd7 24. Bb4 Rfe8 25. Rd6 Qc8 26. Rdxf6 gxf6
27. Qxf6+ Kg8 28. Rf3 Re4 29. Rg3+ Rg4 30. Rxg4+ Qxg4 31. Qxd8+ Kg7 32. Qc7+
Kg6 33. Qd6+ Kf7 34. Qe7+ Kg6 1/2-1/2

[Event "Open La Lupa"]
[Site "Roma ITA"]
[Date "2010.05.27"]
[Round "4"]
[White "Zarfati, Daniele"]
[Black "Maurizio, Antonio"]
[Result "0-1"]
[WhiteElo "1568"]
[BlackElo "1866"]
[PlyCount "66"]
[EventDate "2010.05.06"]

1. d4 d5 2. c4 e6 3. Nc3 Be7 4. Nf3 Nf6 5. Bf4 c6 6. c5 b6 7. Bxb8 Rxb8 8. Qa4
Qc7 9. b4 a5 10. a3 bxc5 11. bxc5 Ba6 12. Ne5 Bb5 13. Qc2 O-O 14. e3 Bxf1 15.
Kxf1 Nd7 16. Nxd7 Qxd7 17. Na4 Bd8 18. Ke2 Bc7 19. Rhb1 e5 20. dxe5 Bxe5 21.
Rxb8 Rxb8 22. Rd1 Qg4+ 23. Kf1 f5 24. Nb6 f4 25. h3 Qh4 26. Qf5 fxe3 27. Nd7
e2+ 28. Kxe2 Qc4+ 29. Rd3 Qc2+ 30. Kf3 Re8 31. Nxe5 Rf8 32. Qxf8+ Kxf8 33. Rd4
Qc3+ 0-1

[Event "Open La Lupa"]
[Site "Roma ITA"]
[Date "2010.05.27"]
[Round "5"]
[White "Andreozzi, Paolo"]
[Black "Casella, Carlo"]
[Result "0-1"]
[WhiteElo "1752"]
[BlackElo "1679"]
[PlyCount "74"]
[EventDate "2010.05.06"]

1. d4 d5 2. Nf3 Nf6 3. Bf4 e6 4. e3 c5 5. c3 Nc6 6. h3 Bd7 7. Nbd2 cxd4 8. exd4
h6 9. Bd3 Rc8 10. O-O Be7 11. Ne5 O-O 12. Re1 Be8 13. Ndf3 Nxe5 14. Nxe5 Nd7
15. Ng4 Bg5 16. Bh2 Nb6 17. f4 Be7 18. Nxh6+ gxh6 19. Qh5 f5 20. Qe2 Rf6 21. g4
Bd6 22. Bg3 Rg6 23. Kf2 Bd7 24. gxf5 exf5 25. Qh5 Qf6 26. Bh4 Qf7 27. Qf3 Kh8
28. Rg1 Rcg8 29. Bg3 R8g7 30. b3 Be7 31. Rae1 Bf6 32. Qh5 Kh7 33. Re3 Bd8 34.
c4 dxc4 35. bxc4 Nxc4 36. Bxc4 Qxc4 37. Qd1 Qxa2+ 0-1

[Event "Open La Lupa"]
[Site "Roma ITA"]
[Date "2010.05.27"]
[Round "5"]
[White "Battistelli, Alessandro"]
[Black "Maurizio, Antonio"]
[Result "0-1"]
[WhiteElo "1886"]
[BlackElo "1866"]
[PlyCount "40"]
[EventDate "2010.05.06"]

1. e4 e6 2. d4 d5 3. Nc3 Nf6 4. Bg5 Be7 5. e5 Nfd7 6. Bxe7 Qxe7 7. f4 a6 8. Nf3
c5 9. Qd2 Nc6 10. dxc5 Qxc5 11. Bd3 b5 12. O-O-O Nb6 13. Rde1 Nc4 14. Bxc4 bxc4
15. Ne2 Rb8 16. Ned4 Nb4 17. a3 c3 18. Qe2 Na2+ 19. Kd1 cxb2 20. Kd2 Qc3+ 0-1

[Event "Open La Lupa"]
[Site "Roma ITA"]
[Date "2010.05.27"]
[Round "5"]
[White "Bogosaljevic, Miodrag"]
[Black "Lami, Damiano"]
[Result "1-0"]
[WhiteElo "1898"]
[BlackElo "1494"]
[PlyCount "83"]
[EventDate "2010.05.06"]

1. d4 Nf6 2. c4 e6 3. Nf3 b6 4. g3 Bb7 5. Bg2 Be7 6. O-O O-O 7. Nc3 d6 8. b3 c5
9. Bb2 a6 10. Re1 Ne4 11. Qd3 Nxc3 12. Bxc3 Bf6 13. Rad1 Qc7 14. dxc5 dxc5 15.
Bxf6 gxf6 16. Qe3 Nc6 17. Qh6 Qe7 18. Rd2 Rad8 19. Red1 Rxd2 20. Rxd2 Rd8 21.
Ne1 Rxd2 22. Qxd2 Ne5 23. f4 Ng6 24. Bxb7 Qxb7 25. Qd3 Kf8 26. Nf3 Kg7 27. Kf2
Nf8 28. Qd6 Nd7 29. e4 b5 30. Nd2 b4 31. Ke3 Qc8 32. Nf3 Nf8 33. h4 h6 34. g4
Ng6 35. h5 Nf8 36. e5 f5 37. g5 Nh7 38. g6 fxg6 39. Qe7+ Kg8 40. hxg6 Nf8 41.
Qf7+ Kh8 42. g7+ 1-0

[Event "Open La Lupa"]
[Site "Roma ITA"]
[Date "2010.05.27"]
[Round "5"]
[White "Brescia, Francesco"]
[Black "Musmarra, Giovanni"]
[Result "1/2-1/2"]
[WhiteElo "1458"]
[BlackElo "1638"]
[PlyCount "76"]
[EventDate "2010.05.06"]

1. e4 e5 2. Nf3 Nc6 3. Bb5 a6 4. Ba4 Nf6 5. O-O Be7 6. Re1 b5 7. Bb3 O-O 8. c3
d5 9. exd5 Nxd5 10. Nxe5 Nxe5 11. Rxe5 c6 12. Re1 Bd6 13. d4 Qh4 14. g3 Qh3 15.
Be3 Bg4 16. Qd3 Rae8 17. Bxd5 cxd5 18. Nd2 Re6 19. a4 bxa4 20. Qf1 Qh5 21. Rxa4
Rfe8 22. Rxa6 f5 23. f4 Rxe3 24. Rxe3 Rxe3 25. Rxd6 Re2 26. h3 Bxh3 27. Qf3
Rg2+ 28. Kh1 Bg4+ 29. Kxg2 Qh3+ 30. Kf2 Bxf3 31. Nxf3 Qh1 32. Rxd5 g6 33. Rb5
Qd1 34. Rb8+ Kg7 35. Rb7+ Kh6 36. Ne5 Qd2+ 37. Kf3 Qd1+ 38. Kf2 Qd2+ 1/2-1/2

[Event "Open La Lupa"]
[Site "Roma ITA"]
[Date "2010.05.27"]
[Round "5"]
[White "Castellano, Lorenzo"]
[Black "Quimi, Marco"]
[Result "0-1"]
[WhiteElo "1869"]
[BlackElo "2163"]
[PlyCount "92"]
[EventDate "2010.05.06"]

1. e4 c5 2. c3 b6 3. d4 Bb7 4. Bd3 cxd4 5. cxd4 Nf6 6. Nc3 e6 7. a3 Be7 8. Nf3
O-O 9. O-O d6 10. Qe2 Nbd7 11. Rd1 Rc8 12. Ba6 Qc7 13. Bxb7 Qxb7 14. Bg5 h6 15.
Bh4 Rfe8 16. Rac1 a6 17. h3 b5 18. e5 dxe5 19. dxe5 Nh5 20. Bxe7 Rxe7 21. Ne4
Rxc1 22. Rxc1 Nf4 23. Qe3 Nd5 24. Qe2 N7b6 25. Nd6 Qb8 26. Nd4 Rc7 27. Rd1 Qa8
28. Qg4 Qd8 29. Rd3 h5 30. Nxe6 fxe6 31. Qxe6+ Kh7 32. Rg3 Qd7 33. Qg6+ Kg8 34.
Ne8 Rc6 35. Qxh5 Nf4 36. Qf3 Nxh3+ 37. Rxh3 Qxe8 38. Qf5 Qg6 39. Qf3 Re6 40.
Rg3 Qb1+ 41. Kh2 Rxe5 42. Qg4 Qh7+ 43. Rh3 Qe4 44. Qd1 Rd5 45. Qc1 Qe5+ 46. Rg3
Nc4 0-1

[Event "Open La Lupa"]
[Site "Roma ITA"]
[Date "2010.05.27"]
[Round "5"]
[White "Catalini, Giampiero"]
[Black "Bolla, Vittorio"]
[Result "0-1"]
[WhiteElo "1958"]
[BlackElo "1773"]
[PlyCount "76"]
[EventDate "2010.05.06"]

1. d4 Nf6 2. Nf3 c5 3. d5 e6 4. Nc3 d6 5. e4 a6 6. a4 Be7 7. Be2 O-O 8. O-O e5
9. Rb1 Bg4 10. h3 Bxf3 11. Bxf3 Nbd7 12. b4 Rb8 13. Be3 Qc7 14. b5 a5 15. Ne2
Nb6 16. c3 Rbc8 17. Ng3 Nc4 18. Nf5 Nxe3 19. fxe3 b6 20. c4 g6 21. Ng3 Qd7 22.
Qd3 h5 23. Rf2 Nh7 24. Kh2 Bh4 25. Rbf1 Qe7 26. Qe2 Qg5 27. Nh1 Bxf2 28. Qxf2
f5 29. h4 Qh6 30. Ng3 f4 31. exf4 Qxf4 32. Kg1 Qxh4 33. Nh1 Qxf2+ 34. Nxf2 Ng5
35. Nd3 Rf7 36. Kh2 Rcf8 37. Kg3 Nxe4+ 38. Kh4 Nd2 0-1